Những người khốn khổ = Les misérables

Kaydedildi:
Detaylı Bibliyografya
Yazar: Hugo, Vitor
Materyal Türü: Kitap
Dil:Undetermined
Baskı/Yayın Bilgisi: Hà Nội Văn Học 2004
Konular:
Etiketler: Etiketle
Etiket eklenmemiş, İlk siz ekleyin!
Thư viện lưu trữ: Trung tâm Học liệu Trường Đại học Cần Thơ
LEADER 00615nam a2200217Ia 4500
001 CTU_104148
008 210402s9999 xx 000 0 und d
020 |c 75000 
082 |a 843.8 
082 |b H895n/T.3 
100 |a Hugo, Vitor 
245 0 |a Những người khốn khổ = 
245 0 |b Les misérables 
245 0 |c Vitor Hugo; Huỳnh Lý ... [et al.] biên dịch 
260 |a Hà Nội 
260 |b Văn Học 
260 |c 2004 
650 |a French fiction ( vietnamese ) 
650 |y 19th century 
904 |i Minh 
980 |a Trung tâm Học liệu Trường Đại học Cần Thơ